Statistics for Five biggest cities in each European country by population

Click here to take the quiz!

General Stats

  • This quiz has been taken 18 times
  • The average score is 116 of 218

Answer Stats

HintAnswer% Correct
BelgiumAntwerp
100%
BelgiumBrussels
100%
BelarusMinsk
100%
Czech
Republic
Prague
100%
KosovoPristina
100%
Bosnia and
Herzegovina
Sarajevo
100%
BulgariaSofia
100%
AlbaniaTirana
100%
AustriaVienna
100%
CroatiaZagreb
100%
NetherlandsAmsterdam
94%
AndorraAndorra la Vella
94%
SpainBarcelona
94%
SerbiaBelgrade
94%
GermanyBerlin
94%
SwitzerlandBern
94%
UKBirmingham
94%
SlovakiaBratislava
94%
HungaryBudapest
94%
MoldovaChișinău
94%
DenmarkCopenhagen
94%
GermanyFrankfurt
94%
SwitzerlandGeneva
94%
SwedenGothenburg
94%
FinlandHelsinki
94%
PolandKraków
94%
UkraineKyiv
94%
PortugalLisbon
94%
UKLondon
94%
FranceLyon
94%
SpainMadrid
94%
SwedenMalmö
94%
UKManchester
94%
FranceMarseille
94%
ItalyMilan
94%
RussiaMoscow
94%
GermanyMunich
94%
ItalyNaples
94%
FranceNice
94%
NorwayOslo
94%
FranceParis
94%
MontenegroPodgorica
94%
PortugalPorto
94%
IcelandReykjavik
94%
LatviaRiga
94%
ItalyRome
94%
NetherlandsRotterdam
94%
RussiaSaint Petersburg
94%
AustriaSalzburg
94%
SpainSeville
94%
North MacedoniaSkopje
94%
SwedenStockholm
94%
ItalyTurin
94%
LiechtensteinVaduz
94%
MaltaValletta
94%
LithuaniaVilnius
94%
PolandWarsaw
94%
DenmarkAarhus
88%
GreeceAthens
88%
RomaniaBucharest
88%
UKGlasgow
88%
AustriaGraz
88%
GermanyHamburg
88%
AustriaInnsbruck
88%
SloveniaLjubljana
88%
LuxembourgLuxembourg City
88%
CyprusNicosia
88%
ItalyPalermo
88%
San MarinoSan Marino
88%
EstoniaTallinn
88%
SpainValencia
88%
Vatican CityVatican City
88%
SwitzerlandZurich
88%
NorwayBergen
81%
IrelandDublin
81%
CroatiaSplit
81%
NetherlandsThe Hague
81%
GreeceThessaloniki
81%
FranceToulouse
81%
SwitzerlandBasel
75%
IrelandCork
75%
UkLeeds
75%
BelgiumLiege
75%
AustriaLinz
75%
DenmarkAalborg
69%
RomaniaCluj-Napoca
69%
UkraineKharkiv
69%
PolandŁódź
69%
RussiaNizhny Novgorod
69%
UkraineOdessa
69%
NorwayTrondheim
69%
Czech
Republic
Brno
63%
UkraineDonetsk
63%
BelgiumGhent
63%
SwitzerlandLausanne
63%
MonacoMonaco
63%
FinlandTampere
63%
NetherlandsUtrecht
63%
SpainZaragoza
63%
NetherlandsEindhoven
56%
FinlandEspoo
56%
GreeceHeraklion
56%
IrelandLimerick
56%
SerbiaNovi Sad
56%
RussiaNovosibirsk
56%
FinlandOulu
56%
BulgariaPlovdiv
56%
Czech
Republic
Plzen
56%
PolandPoznań
56%
NorwayStavanger
56%
BulgariaVarna
56%
PolandWrocław
56%
UkraineDnipro
50%
LithuaniaKaunas
50%
GermanyKoln
50%
MaltaMosta
50%
Bosnia and
Herzegovina
Mostar
50%
RussiaYekaterinburg
50%
Bosnia and
Herzegovina
Banja Luka
44%
PortugalBraga
44%
AlbaniaDurres
44%
IrelandGalway
44%
CyprusLarnaca
44%
DenmarkOdense
44%
CroatiaRijeka
44%
SwedenUppsala
44%
BulgariaBurgas
38%
BelgiumCharleroi
38%
RomaniaConstanța
38%
HungaryDebrecen
38%
CyprusLimassol
38%
SloveniaMaribor
38%
Czech
Republic
Ostrava
38%
CyprusPaphos
38%
EstoniaTartu
38%
FinlandVantaa
38%
Liechtenstein
Schaan
31%
RomaniaIași
31%
SwedenLinköping
31%
SerbiaNiš
31%
HungarySzeged
31%
RomaniaTimișoara
31%
CroatiaZadar
31%
IcelandAkureyri
25%
MaltaBirkirkara
25%
MontenegroBudva
25%
LatviaDaugavpils
25%
DenmarkEsbjerg
25%
LuxembourgEsch-sur-Alzette
25%
LithuaniaKlaipeda
25%
SlovakiaKošice
25%
KosovoPeć
25%
HungaryPecs
25%
KosovoPrizren
25%
AlbaniaVlore
25%
IrelandWaterford
25%
North MacedoniaBitola
19%
SloveniaCelje
19%
NorwayDrammen
19%
BelarusGomel
19%
LatviaJurmala
19%
IcelandKopavogur
19%
SloveniaKoper
19%
SerbiaKragujevac
19%
GreeceLarissa
19%
LatviaLiepaja
19%
HungaryMiskolc
19%
KosovoMitrovica
19%
EstoniaNarva
19%
MontenegroNikšić
19%
CroatiaOsijek
19%
EstoniaParnu
19%
GreecePatras
19%
LithuaniaŠiauliai
19%
SerbiaSubotica
19%
MoldovaTiraspol
19%
Bosnia and
Herzegovina
Tuzla
19%
PortugalVila Nova de Gaia
19%
BelarusVitebsk
19%
Bosnia and
Herzegovina
Zenica
19%
MoldovaBălți
13%
AndorraEncamp
13%
BelarusHrodna
13%
SloveniaKranj
13%
North MacedoniaKumanovo
13%
North MacedoniaPrilep
13%
SlovakiaŽilina
13%
PortugalAmadora
6%
MoldovaBender
6%
LuxembourgDifferdange
6%
LuxembourgDudelange
6%
CyprusFamagusta
6%
AlbaniaFier
6%
LatviaJelgava
6%
EstoniaKohtla-Jarve
6%
AndorraLa Massana
6%
Czech
Republic
Liberec
6%
BelarusMogilev
6%
SlovakiaNitra
6%
LithuaniaPanevežys
6%
MontenegroPljevlja
6%
BulgariaRuse
6%
North MacedoniaTetovo
6%
MontenegroBijelo Polje
0%
Liechtenstein
Balzers
0%
Liechtenstein
Triesen
0%
AndorraEscaldes-Engordany
0%
LiechtensteinEschen
0%
LuxembourgEttelbruck
0%
KosovoGnjilan
0%
IcelandHafnarfjordur
0%
AlbaniaKamez
0%
SlovakiaPrešov
0%
IcelandReykjanesbaer
0%
MoldovaRîbnița
0%
MaltaSaint John
0%
AndorraSant Julia de Loria
0%
MaltaŻabbar
0%

Score Distribution

Percentile by Number Answered

Percent of People with Each Score

Your Score History

You have not taken this quiz